Score 0/12 Timer 05:00
4 Plays Today
Question Answer Wrong Answers
Which TV character was not a policewoman? Roseanne Roseannadanna
84.8%
Olivia Benson
5.8%
Christine Cagney
2.5%
Amy Santiago
4.1%
Which TV character was not an alien from a planet other than Earth? Hazel Burke
79.8%
Clark Kent
3.1%
Mork
2.4%
Uncle Martin
13.6%
Which TV character did not work in a restaurant? Maxwell Smart
79.7%
Monica Geller
4.1%
Christy Plunkett
5.3%
Max Black
6.6%
Which TV character was not a journalist? Steve Austin
77.6%
Ray Barone
8%
Lou Grant
5%
Murphy Brown
4.2%
Which TV character was not an attorney? Gordon Shumway
77.3%
Perry Mason
6%
Ally McBeal
5.8%
Saul Goodman
10.3%
Which TV character was not from Saturday Night Live? Thurston Howell, III
75.9%
Wayne Campbell
8%
Beldar Conehead
4.8%
Stefon
8%
Which TV character was not an astronaut? Gabe Kotter
74.9%
Howard Wolowitz
9.5%
Major Anthony Nelson
4.4%
Buck Rogers
5.8%
Which TV character was not trying to find their way home? Jack Tripper
67.8%
Ginger Grant
8.3%
Jack Shephard
6.9%
Dr. Sam Beckett
13%
Which TV character was not a secret agent? Oscar Madison
64.2%
Napoleon Solo
10.6%
Jim Phelps
12.2%
James T. West
8.2%
Which TV character was not a maid? Pepper Anderson
63.5%
Alice Nelson
11.8%
Florence Johnston
14.7%
Berta
7.9%
Which TV character was not a school teacher? Dan Tanna
60.7%
Connie Brooks
14.5%
Edna Krabappel
8.1%
George Feeny
11.1%
Which TV character was not a private investigator? Ben Matlock
53.6%
Jim Rockford
8.6%
Thomas Magnum
2.9%
Shawn Spencer
34.7%
Remove Ads.
Support Sporcle.
Get the best of Sporcle when you Go Orange. This ad-free experience offers more features, more stats, and more fun while also helping to support Sporcle. Thank you for becoming a member.

You're not logged in!

Compare scores with friends on all Sporcle quizzes.
OR
Log In

Show Comments

Extras

Top Quizzes Today


Score Distribution

Your Account Isn't Verified!

In order to create a playlist on Sporcle, you need to verify the email address you used during registration. Go to your Sporcle Settings to finish the process.

Report this User

Report this user for behavior that violates our Community Guidelines.

Details: